[Event "Dubai op 22nd"]
[Site "Dubai"]
[Date "2022.08.30"]
[Round "4"]
[White "Nazari, Arad"]
[Black "Prasannaa, S."]
[Result "1-0"]
[WhiteElo "2389"]
[BlackElo "2185"]
[PlyCount "95"]
[EventDate "2022.08.27"]
[EventType "swiss"]
[EventRounds "9"]
[EventCountry "UAE"]
[SourceTitle "CBM 210 Extra"]
[Source "ChessBase"]
[SourceDate "2022.11.30"]
[SourceVersion "1"]
[SourceVersionDate "2022.11.30"]
[SourceQuality "1"]

1. e4 c5 2. Nf3 Nc6 3. Bb5 e6 4. 0-0 Nge7 5. d4 cxd4 6. Nxd4 Qb6 7. Nxc6 bxc6 8. Be2 Ng6 9. c4 Be7 10. Nc3 0-0 11. Qc2 c5 12. Be3 Bb7 13. Rad1 Rad8 14. f4 f5 15. g3 fxe4 16. Nxe4 Bxe4 17. Qxe4 Qxb2 18. Rd2 Qb6 19. Rb1 Qa6 20. Rbd1 Rf7 21. Rxd7 Rxd7 22. Rxd7 Qxa2 23. Bh5 Qa1+ 24. Kg2 Qa2+ 25. Bf2 Qa6 26. Rc7 Qd6 27. Rc6 Qd7 28. Rxe6 Bf8 29. Bxg6 hxg6 30. Rxg6 Re7 31. Qf3 Re6 32. Rg5 Qc6 33. Rd5 a5 34. Rd8 Re4 35. Rb8 Qe6 36. Bxc5 Re2+ 37. Kf1 Re1+ 38. Kf2 Rf1+ 39. Kxf1 Qxc4+ 40. Qe2 Qxc5 41. Rb5 Qc1+ 42. Kg2 Qc6+ 43. Kh3 Qc8+ 44. f5 Qc1 45. Rb8 Qh6+ 46. Kg4 Qd6 47. Qe6+ Kh7 48. Qg6+ 1-0

[Event "Dubai op 22nd"]
[Site "Dubai"]
[Date "2022.08.27"]
[Round "1"]
[White "Prasannaa, S."]
[Black "Harsha, Bharathakoti"]
[Result "0-1"]
[WhiteElo "2185"]
[BlackElo "2557"]
[PlyCount "90"]
[EventDate "2022.08.27"]
[EventType "swiss"]
[EventRounds "9"]
[EventCountry "UAE"]
[SourceTitle "CBM 210 Extra"]
[Source "ChessBase"]
[SourceDate "2022.11.30"]
[SourceVersion "1"]
[SourceVersionDate "2022.11.30"]
[SourceQuality "1"]

1. e4 c5 2. b3 g6 3. Bb2 Nf6 4. e5 Nd5 5. Nf3 Bg7 6. Nc3 Nxc3 7. Bxc3 0-0 8. Be2 Nc6 9. 0-0 Qc7 10. Re1 Nxe5 11. Nxe5 Bxe5 12. Bxe5 Qxe5 13. Bf3 Qf6 14. Qe2 e6 15. Qc4 d6 16. c3 Rb8 17. Qa4 a6 18. d4 b6 19. Rad1 Rd8 20. dxc5 bxc5 21. Qa5 Qe7 22. c4 Bb7 23. Rd3 Bxf3 24. Rxf3 Qb7 25. Rd1 d5 26. cxd5 Rxd5 27. Rxd5 Qxd5 28. h4 Qd1+ 29. Kh2 Qd6+ 30. g3 Rb4 31. Kg2 Rd4 32. Qc3 h6 33. Qe3 Kg7 34. Qc3 g5 35. hxg5 hxg5 36. Rd3 Qd5+ 37. Kf1 Qh1+ 38. Ke2 Qe4+ 39. Re3 Qb1 40. Re5 Qd1+ 41. Ke3 f5 42. f3 Kf7 43. Rxc5 f4+ 44. gxf4 gxf4+ 45. Kf2 Rd2+ 0-1

[Event "Chennai op 13th"]
[Site "Chennai"]
[Date "2022.06.25"]
[Round "9"]
[White "Prasannaa, S."]
[Black "Savchenko, Boris"]
[Result "0-1"]
[WhiteElo "2118"]
[BlackElo "2524"]
[PlyCount "114"]
[EventDate "2022.06.19"]
[EventType "swiss"]
[EventRounds "10"]
[EventCountry "IND"]
[SourceTitle "CBM 209 Extra"]
[Source "ChessBase"]
[SourceDate "2022.09.30"]
[SourceVersion "1"]
[SourceVersionDate "2022.09.30"]
[SourceQuality "1"]

1. e4 d5 2. exd5 Qxd5 3. Nc3 Qa5 4. d4 Nf6 5. Nf3 Bf5 6. Bc4 e6 7. Bd2 Bb4 8. a3 Bxc3 9. Bxc3 Qb6 10. d5 Nbd7 11. dxe6 Bxe6 12. Bxe6 Qxe6+ 13. Qe2 Qxe2+ 14. Kxe2 0-0-0 15. Rhd1 Ne4 16. Be1 Rhe8 17. Kf1 Nb6 18. Rxd8+ Rxd8 19. Ne5 f6 20. Nd3 Nd5 21. Rc1 b6 22. Ke2 Ne7 23. f3 Nd6 24. g4 Nc6 25. Bf2 Nc4 26. a4 a5 27. b3 Re8+ 28. Kf1 N4e5 29. Re1 Rd8 30. Nxe5 Nxe5 31. Re3 Kb7 32. Ke2 Rd7 33. h4 Nc6 34. c3 Rd8 35. Bg3 Kc8 36. h5 h6 37. Re4 Kd7 38. Ke3 Rf8 39. Kf4 Ne7 40. Re1 f5 41. c4 g5+ 42. hxg6 Nxg6+ 43. Ke3 f4+ 44. Kf2 fxg3+ 45. Kxg3 Rf6 46. Re4 Re6 47. Rxe6 Kxe6 48. f4 Nf8 49. Kh4 Kf6 50. Kh5 Kg7 51. g5 hxg5 52. Kxg5 Ne6+ 53. Kf5 Nd4+ 54. Ke5 Nxb3 55. Kd5 c5 56. Kc6 Kf6 57. Kxb6 Kf5 0-1

[Event "Pune Maharashtra op 1st"]
[Site "Pune"]
[Date "2022.05.31"]
[Round "1"]
[White "Prasannaa, S."]
[Black "Paichadze, Luka"]
[Result "0-1"]
[WhiteElo "2164"]
[BlackElo "2567"]
[PlyCount "86"]
[EventDate "2022.05.31"]
[EventType "swiss"]
[EventRounds "11"]
[EventCountry "IND"]
[SourceTitle "CBM 208 Extra"]
[Source "ChessBase"]
[SourceDate "2022.07.31"]
[SourceVersion "1"]
[SourceVersionDate "2022.07.31"]
[SourceQuality "1"]

1. e4 c6 2. d4 g6 3. c4 d5 4. cxd5 cxd5 5. e5 Bg7 6. Nc3 Nc6 7. Bb5 Nh6 8. h3 0-0 9. Nf3 Nf5 10. g4 Nh6 11. 0-0 f6 12. exf6 exf6 13. Re1 Nf7 14. Qb3 a6 15. Bf1 f5 16. g5 b5 17. Bf4 Bb7 18. Rad1 Na5 19. Qb4 Rc8 20. Qe7 Bc6 21. Qxd8 Rfxd8 22. Ne5 Nc4 23. Bxc4 dxc4 24. d5 Bb7 25. Nxf7 Kxf7 26. d6 Rd7 27. a3 Rcd8 28. Rd2 Bf8 29. Rde2 Bc6 30. Re6 Bxd6 31. Rf6+ Kg8 32. Bxd6 Rxd6 33. Re7 Rxf6 34. gxf6 Rd6 35. Rg7+ Kf8 36. Rxh7 Bf3 37. Re7 f4 38. Kf1 Rd2 39. Ke1 Rxb2 40. Rd7 Rc2 41. Nd5 Rc1+ 42. Kd2 Rd1+ 43. Kc3 Rxd5 0-1

[Event "Johor op 6th"]
[Site "Johor"]
[Date "2019.12.04"]
[Round "5"]
[White "Prasannaa, S."]
[Black "Adarsh, Tripathi"]
[Result "1-0"]
[WhiteElo "2213"]
[BlackElo "1954"]
[PlyCount "60"]
[EventDate "2019.12.02"]
[EventType "swiss"]
[EventRounds "9"]
[EventCountry "MAS"]
[SourceTitle "CBM 193 Extra"]
[Source "ChessBase"]
[SourceDate "2020.01.31"]
[SourceVersion "1"]
[SourceVersionDate "2020.01.31"]
[SourceQuality "1"]

1. e4 c5 2. c3 d5 3. exd5 Qxd5 4. d4 Nc6 5. Nf3 Bf5 6. dxc5 Qxd1+ 7. Kxd1 0-0-0+ 8. Ke1 e5 9. Be3 Nf6 10. Nbd2 Ng4 11. b4 Nxe3 12. fxe3 g6 13. Ng5 Rd7 14. Bc4 Nd8 15. e4 Bh6 16. exf5 Bxg5 17. Ne4 Bh6 18. f6 b6 19. cxb6 axb6 20. Ke2 Rc7 21. Rhd1 Kb8 22. Rd3 Ne6 23. Bxe6 fxe6 24. Rad1 Rc4 25. Rd8+ Rxd8 26. Rxd8+ Kc7 27. Rc8+ Kxc8 28. Nd6+ Kc7 29. Nxc4 e4 30. a4 Kc6 1-0

[Event "Chennai Velammal rapid op"]
[Site "Chennai"]
[Date "2019.11.03"]
[Round "7"]
[White "Aravindh, Chithambaram VR"]
[Black "Prasannaa, S."]
[Result "1-0"]
[WhiteElo "2546"]
[BlackElo "2130"]
[PlyCount "63"]
[EventDate "2019.11.02"]
[EventType "swiss (rapid)"]
[EventRounds "9"]
[EventCountry "IND"]
[SourceTitle "CBM 192 Extra"]
[Source "Chessbase"]
[SourceDate "2019.11.06"]
[SourceVersion "1"]
[SourceVersionDate "2019.11.06"]
[SourceQuality "1"]

1. c4 e5 2. Nc3 Nf6 3. g3 c6 4. Nf3 e4 5. Nd4 d5 6. cxd5 cxd5 7. d3 Bc5 8. Nb3 Bb4 9. Bg2 0-0 10. 0-0 Re8 11. Bg5 Bxc3 12. bxc3 h6 13. Bxf6 Qxf6 14. dxe4 dxe4 15. Qd4 Nd7 16. Rfd1 Qe7 17. Qb4 b6 18. Rab1 Bb7 19. a4 Ba6 20. Nd4 Nc5 21. a5 bxa5 22. Qxa5 Rac8 23. Bh3 Rc7 24. Nf5 Qe5 25. c4 Bb7 26. Nd6 e3 27. f3 Bxf3 28. exf3 e2 29. Nb5 Ree7 30. Rd8+ Kh7 31. Nxc7 Qe3+ 32. Kg2 1-0

[Event "Madurai Athens of the East op 1st"]
[Site "Madurai"]
[Date "2019.08.17"]
[Round "9"]
[White "Prasannaa, S."]
[Black "Laxman, Rajaram"]
[Result "0-1"]
[WhiteElo "2237"]
[BlackElo "2426"]
[PlyCount "83"]
[EventDate "2019.08.11"]
[EventType "swiss"]
[EventRounds "10"]
[EventCountry "IND"]
[SourceTitle "CBM 191 Extra"]
[Source "ChessBase"]
[SourceDate "2019.09.30"]
[SourceVersion "1"]
[SourceVersionDate "2019.09.30"]
[SourceQuality "1"]

1. a3 d5 2. b4 Bg4 3. Bb2 Nd7 4. d3 e5 5. Nd2 a5 6. b5 Ngf6 7. h3 Bh5 8. g4 Bg6 9. Bg2 c6 10. c4 Bc5 11. Ngf3 cxb5 12. cxd5 h5 13. Nh4 Qb6 14. 0-0 hxg4 15. Nxg6 fxg6 16. hxg4 Nxg4 17. Ne4 Qd8 18. e3 Qh4 19. Re1 Bxe3 20. Rxe3 Qh2+ 21. Kf1 Nxe3+ 22. fxe3 0-0+ 23. Nf2 Rxf2+ 24. Kxf2 Rf8+ 25. Qf3 Qh4+ 26. Kf1 Rxf3+ 27. Bxf3 Qg3 28. Be4 Nf6 29. Rd1 Nxe4 30. dxe4 Qf3+ 31. Ke1 Qxe3+ 32. Kf1 Qf3+ 33. Ke1 Qxe4+ 34. Kf1 Qh1+ 35. Ke2 Qg2+ 36. Ke1 Qxb2 37. d6 Qc3+ 38. Ke2 Qc2+ 39. Rd2 Qxd2+ 40. Kxd2 Kf7 41. d7 Ke7 42. Ke1 0-1